[Event "Copenhagen Chess Challenge IM 2023"]
[Site "Ballerup"]
[Date "2023.08.27"]
[Round "9.1"]
[White "Jogstad, Martin"]
[Black "Nielsen, Viktor Haarmark"]
[Result "0-1"]
[WhiteElo "2409"]
[BlackElo "2345"]
[PlyCount "160"]
[EventDate "2023.08.23"]
[EventType "tourn"]
[EventRounds "9"]
[EventCountry "DEN"]
[SourceTitle "Live v. Michael Andersen"]

1. d4 Nf6 2. Nf3 d5 3. c3 e6 4. Bf4 Bd6 5. e3 O-O 6. Nbd2 b6 7. Bd3 Bxf4 8.
exf4 Ba6 9. Bxa6 Nxa6 10. Qe2 Qc8 11. Rg1 c5 12. g4 cxd4 13. Nxd4 Nc5 14. N2f3
Nfe4 15. Ne5 Qc7 16. f3 Nd6 17. g5 Nc4 18. Kf1 a6 19. Rg4 Nxe5 20. fxe5 Nd7 21.
Re1 Qc4 22. Qxc4 dxc4 23. Nc6 b5 24. h4 Rfe8 25. h5 Rac8 26. Nd4 Rc5 27. f4 Rd5
28. Kf2 Nc5 29. Ke3 Nd7 30. Rg2 Nf8 31. Rd1 Nd7 32. Rgd2 Nb6 33. Nc6 Kf8 34.
Nb4 Rxd2 35. Rxd2 a5 36. Nc6 Nd5+ 37. Ke4 Rc8 38. Rxd5 exd5+ 39. Kxd5 b4 40. f5
bxc3 41. bxc3 Rc7 42. Kd6 Rb7 43. Nxa5 Ra7 44. Nc6 Rxa2 45. Kd7 Rd2+ 46. Nd4
Ra2 47. Nb5 Rd2+ 48. Nd6 Ra2 49. Nb5 Rd2+ 50. Nd4 Ra2 51. g6 hxg6 52. hxg6 Ra7+
53. Kd6 fxg6 54. fxg6 Ke8 55. e6 Ra5 56. Nc6 Rg5 57. Ne5 Rg3 58. Nxc4 Rxc3 59.
Ne5 Rg3 60. Kd5 Rg1 61. Nd7 Rxg6 62. Ne5 Rg1 63. Nf7 Ke7 64. Ke5 Re1+ 65. Kf5
Rxe6 66. Ne5 Rf6+ 67. Kg5 Ke6 68. Ng6 Rf5+ 69. Kg4 Kf6 70. Nf4 Ra5 71. Nh5+
Rxh5 72. Kxh5 Kf5 73. Kh4 Kf4 74. Kh3 g5 75. Kh2 Kf3 76. Kh3 g4+ 77. Kh2 Kf2
78. Kh1 Kg3 79. Kg1 Kh3 80. Kf2 Kh2 0-1

[Event "Copenhagen Chess Challenge IM 2023"]
[Site "Ballerup"]
[Date "2023.08.27"]
[Round "9.3"]
[White "Jarlskov, Daniel Tuk Hartso"]
[Black "Meskenas, Paulius"]
[Result "1/2-1/2"]
[WhiteElo "2118"]
[BlackElo "2297"]
[PlyCount "110"]
[EventDate "2023.08.23"]
[EventType "tourn"]
[EventRounds "9"]
[EventCountry "DEN"]
[SourceTitle "Live v. Michael Andersen"]

1. c4 c5 2. Nc3 Nc6 3. g3 g6 4. Bg2 Bg7 5. e3 Nh6 6. Nge2 Nf5 7. b3 h5 8. h3 b6
9. Bb2 Bb7 10. O-O Rb8 11. Rb1 Ne5 12. Bxb7 Rxb7 13. Nd5 e6 14. Ndf4 g5 15. Ng2
Nf3+ 16. Kh1 Bxb2 17. Rxb2 Qb8 18. Ng1 Nxg1 19. Kxg1 Qe5 20. Rc2 Ke7 21. Qa1
Qxa1 22. Rxa1 Rd8 23. Kf1 d5 24. d3 dxc4 25. dxc4 Rbd7 26. Ke2 e5 27. h4 gxh4
28. Nxh4 Nxh4 29. gxh4 Rg8 30. Rh1 Rg4 31. Rcc1 Rd6 32. Rcg1 Rdg6 33. Rd1 f6
34. Kf3 Rg8 35. Ke2 Rd8 36. Rdg1 Rdg8 37. Rd1 Ke6 38. Kf3 e4+ 39. Ke2 f5 40.
Kf1 f4 41. exf4 Rxf4 42. Rh2 Rgg4 43. Ke2 Rxh4 44. Rxh4 Rxh4 45. Rd8 Rh1 46.
Ra8 a5 47. Rb8 h4 48. Rxb6+ Ke5 49. Rh6 h3 50. Rh5+ Kd6 51. Rh6+ Ke7 52. Rh4 h2
53. Rxe4+ Kf6 54. Rh4 Kg5 55. Rh8 Kg4 1/2-1/2

[Event "Copenhagen Chess Challenge IM 2023"]
[Site "Ballerup"]
[Date "2023.08.27"]
[Round "9.4"]
[White "Sahl, Bjarke"]
[Black "Kistrup, Nicolai"]
[Result "1/2-1/2"]
[WhiteElo "2226"]
[BlackElo "2339"]
[PlyCount "46"]
[EventDate "2023.08.23"]
[EventType "tourn"]
[EventRounds "9"]
[EventCountry "DEN"]
[SourceTitle "Live v. Michael Andersen"]

1. d4 Nf6 2. Nf3 d5 3. c4 e6 4. Nc3 dxc4 5. e3 a6 6. Bxc4 b5 7. Be2 Bb7 8. O-O
c5 9. Ne5 Bd6 10. Bf3 Qc7 11. Bxb7 Qxb7 12. Qf3 Qxf3 13. Nxf3 Nc6 14. dxc5 Bxc5
15. b3 Ke7 16. Bb2 Rac8 17. Rfd1 Rc7 18. Rac1 Bd6 19. h3 Rhc8 20. Kf1 Bb4 21.
Nb1 Bd6 22. Nc3 Bb4 23. Nb1 Bd6 1/2-1/2

[Event "Copenhagen Chess Challenge IM 2023"]
[Site "Ballerup"]
[Date "2023.08.27"]
[Round "9.5"]
[White "Heimisson, Hilmir Freyr"]
[Black "Ramsdal, Jens Albert"]
[Result "0-1"]
[WhiteElo "2382"]
[BlackElo "2383"]
[PlyCount "92"]
[EventDate "2023.08.23"]
[EventType "tourn"]
[EventRounds "9"]
[EventCountry "DEN"]
[SourceTitle "Live v. Michael Andersen"]

1. b3 Nf6 2. Bb2 e6 3. f4 d5 4. Nf3 b6 5. e3 Bb7 6. Be2 Bd6 7. O-O O-O 8. Qe1
Nfd7 9. Nc3 c5 10. Qg3 f6 11. Qh3 Re8 12. Nh4 a6 13. f5 e5 14. e4 b5 15. Nxd5
Bxd5 16. exd5 c4 17. Kh1 Nb6 18. Bh5 Re7 19. Ng6 Rc7 20. Rae1 Nxd5 21. Qf3 Bb4
22. Bxe5 fxe5 23. Rxe5 Nf6 24. Qxa8 Nxh5 25. Rfe1 Nf6 26. Nf4 Rc8 27. Nd5 Nbd7
28. Nxf6+ Nxf6 29. Qxa6 Bxd2 30. Rd1 c3 31. Rf1 b4 32. h3 h6 33. Rf3 Kh7 34.
Qb7 Qc7 35. Qb5 Ra8 36. Rc5 Qb8 37. Qxb8 Rxb8 38. Ra5 Re8 39. Rf1 Nh5 40. Rd1
Ng3+ 41. Kh2 Ne2 42. Rxd2 cxd2 43. Rd5 h5 44. Rxd2 h4 45. g4 hxg3+ 46. Kg2 Re3
0-1